Every FCS Natty Winner since 1978 - Statistics

General Stats
  • This quiz has been taken 3 times
  • The average score is 25 of 47
Answer Stats
Year Score Runner-Up Answer % Correct
2016 28-14 Youngstown State James Madison
100%
2012 39-13 Sam Houston State North Dakota State
100%
2013 35-7 Towson North Dakota State
100%
2014 29-27 Illinois State North Dakota State
100%
2015 37-10 Jax State North Dakota State
100%
2017 17-13 James Madison North Dakota State
100%
2018 38-24 Eastern Washington North Dakota State
100%
2019 28-20 James Madison North Dakota State
100%
2021 38-10 Montana State North Dakota State
100%
2024 35-32 Montana State North Dakota State
100%
2020 23-21 South Dakota State Sam Houston State
100%
2022 45-21 North Dakota State South Dakota State
100%
2023 23-3 Montana South Dakota State
100%
1999 59-24 Youngstown State Georgia Southern
67%
2000 27-25 Montana Georgia Southern
67%
2011 17-6 Sam Houston State North Dakota State
67%
2005 21-16 UNI App State
33%
2006 28-17 UMass App State
33%
2007 49-21 Delaware App State
33%
1980 31-29 Eastern Kentucky Boise State
33%
2003 40-0 Colgate Delaware
33%
1979 30-7 Lehigh Eastern Kentucky
33%
1982 17-14 Delaware Eastern Kentucky
33%
2010 20-19 Delaware Eastern Washington
33%
1978 35-28 UMass Florida A&M
33%
1988 17-12 Georgia Southern Furman
33%
1985 44-42 Furman Georgia Southern
33%
1986 48-21 Arkansas State Georgia Southern
33%
1989 37-34 Stephen F. Austin Georgia Southern
33%
1990 36-13 Nevada Georgia Southern
33%
1981 34-23 Eastern Kentcuky Idaho State
33%
2004 31-21 Montana James Madison
33%
1987 43-42 Marshall Louisiana-Monroe
33%
1992 31-28 Youngstown State Marshall
33%
1996 49-29 Montana Marshall
33%
1995 22-20 Marshall Montana
33%
2001 13-6 Furman Montana
33%
1984 19-6 Louisiana Tech Montana State
33%
2008 24-7 Montana Richmond
33%
1983 43-7 Western Carolina Southern Illinois
33%
1998 55-43 Georgia Southern UMass
33%
2009 23-21 Montana Villanova
33%
2002 34-14 McNeese State Western Kentucky
33%
1991 25-17 Marshall Youngstown State
33%
1993 17-5 Marshall Youngstown State
33%
1994 28-14 Boise State Youngstown State
33%
1997 10-9 McNeese State Youngstown State
33%
No matching quizzes found
Score Distribution
Percent of People with Each Score
Percentile by Number Answered
Your Score History
You have not taken this quiz